Logo BPK

Biblioteka

Politechniki Koszalińskiej

M-structure and the Banach-stone theorem / (Rekord nr 19426)

Szczegóły MARC
000 -ETYKIETA REKORDU
podpole kontrolne o stałej długości 00578nam a2200217 i 4500
001 - NUMER KONTROLNY REKORDU
pole kontrolne bg
020 ## - MIĘDZYNARODOWY ZNORMALIZOWANY NUMER KSIĄŻKI - ISBN
ISBN 3540095330
020 ## - MIĘDZYNARODOWY ZNORMALIZOWANY NUMER KSIĄŻKI - ISBN
ISBN 0387095330
040 ## - ŹRÓDŁO KATALOGOWANIA
Instytucja, która utworzyła rekord BPK
041 ## - KOD JĘZYKA
Kod języka tekstu pol
080 ## - UNIWERSALNA KLASYFIKACJA DZIESIĘTNA - UKD
UKD 51
920 ## - Międzynarodowy znormalizowany numer książki – ISBN
ISBN 3-540-09533-0
920 ## - Międzynarodowy znormalizowany numer książki – ISBN
ISBN 0-387-09533-0
008 - POLE O STAŁEJ DŁUGOŚCI - DANE KONTROLNE
podpole kontrolne o stałej długości s pl f |000 0 pol
100 1# - NAZWA OSOBOWA
Nazwa osobowa BEHRENDS, Ehrhard
245 #0 - TYTUŁ/ODPOWIEDZIALNOŚĆ
Tytuł M-structure and the Banach-stone theorem /
Pozostałe elementy strefy tytułu i oznaczenia odpowiedzialności Ehrhard Behrends.
260 ## - STREFA ADRESU WYDAWNICZEGO
Miejsce wydania Berlin,
Data publikacji, dystrybucji/powstania dokumentu 1979
Miejsce wydania Springer-Verlag.
490 1# - STREFA SERII I DOKUMENTU WIELOCZĘŚCIOWEGO - FORMA NIE DO WYSZUKIWANIA
Tytuł i oznaczenie odpowiedzialności serii Lecture Notes in Mathematics ;
Numeracja w obrębie serii Vol.756
830 ## - HASŁO DODATKOWE SERII LUB DOKUMENTU WIELOCZĘŚCIOWEGO - TYTUŁ UJEDNOLICONY
Tytuł ujednolicony Lecture Notes in Mathematics ;
856 ## - LOKALIZACJA I DOSTĘP DO ELEKTRONICZNYCH DOKUMENTÓW ZDALNYCH
Link (URL) http://koha.tu.koszalin.pl/cgi-bin/koha/opac-detail.pl?biblionumber=19426
Tekst linku Katalog online BPK
942 ## - DODATKOWE ELEMENTY (KOHA)
Typ dokumentu Książka
Egzemplarze
Wycofany Status egzemplarza Uszkodzony Dostępność Lokalizacja stała Lokalizacja bieżąca Miejsce przechowywania Sygnatura Kod kreskowy Typ dokumentu
      Dostępny Biblioteka Politechniki Koszalińskiej Biblioteka Politechniki Koszalińskiej Wypożyczalnia BG 27358 01963380 Książka
© 2023 Biblioteka Politechniki Koszalińskiej :: KOHA